Law, the state, and the international community
Na minha lista:
| Autor principal: | |
|---|---|
| Formato: | Livro |
| Idioma: | inglês |
| Publicado em: |
Nueva York
Columbia University
1939
|
| Assuntos: | |
| Tags: |
Adicionar Tag
Sem tags, seja o primeiro a adicionar uma tag!
|
MARC
| LEADER | 00000nam a2200000 a 4500 | ||
|---|---|---|---|
| 001 | UCT9249 | ||
| 003 | CL-VaPUC | ||
| 008 | 970404e19390000US |||||||||||||||||eng|d | ||
| 082 | 0 | 4 | |a 341.2 |b BRO |2 21 |
| 100 | |a Brown Scott, James |e préface |9 381799 | ||
| 245 | 1 | 0 | |a Law, the state, and the international community |
| 300 | |a 2 v | ||
| 942 | |c BK | ||
| 945 | |d 19970404 00:00:00 |a paguirre | ||
| 260 | |a Nueva York |b Columbia University |c 1939 | ||
| 500 | |a v.1: A commentary on the development of legal, political, and international ideals | ||
| 500 | |a v.2: Extracts illustrating the growth of theories and principles of jurisprudence, government, and the law of nations | ||
| 650 | 0 | |a Derecho internacional |9 255637 | |
| 650 | 0 | |a Estado |9 255503 | |
| 650 | 7 | |a COMUNIDAD INTERNACIONAL |2 CL-VaPUC |9 381800 | |
| 650 | 0 | |a Relaciones Internacionales |9 255740 | |
| 650 | 0 | |a Jurisprudencia |9 255952 | |
| 650 | 0 | |a Derecho de los estados |9 335493 | |
| 583 | |a last modification |c 19970404 00:00:00 |k Rodrigo Vera | ||
| 999 | |c 257666 |d 257664 | ||
| 952 | |0 0 |1 0 |4 0 |6 341_200000000000000_BRO_1939 |7 0 |8 A |9 281252 |a BIBDER |b BIBDER |d 2019-11-19 |h v.1 |i 1819402 |o 341.2 BRO 1939 |p 1819402 |r 2023-01-25 |w 2019-11-19 |y BK |k DER | ||
| 952 | |0 0 |1 0 |4 0 |6 341_200000000000000_BRO_1939 |7 0 |8 A |9 281253 |a BIBDER |b BIBDER |d 2019-11-19 |h v.2 |i 1819410 |o 341.2 BRO 1939 |p 1819410 |r 2023-01-25 |w 2019-11-19 |y BK |k DER | ||